El marketing de las naciones: una aproximación estratégica a la creación de la riqueza nacional

Gespeichert in:
Bibliographische Detailangaben
Hauptverfasser: Kotler, Philip (VerfasserIn), Jatusripitak, Somkid (VerfasserIn), Maesincee, Suvit (VerfasserIn)
Format: Buch
Sprache:Spanisch
Veröffentlicht: Barcelona Paidós 1998
Schriftenreihe:Colección Paidós Estado Y Sociedad, 60
Schlagworte:
Tags: Tag hinzufügen
Keine Tags, Fügen Sie den ersten Tag hinzu!

MARC

LEADER 00000nam a2200000 a 4500
001 UCP5878
003 CL-VaPUC
008 991001e19980000SP |||||||||||||||||spa|d
082 0 4 |a 337.1  |b KOT  |2 21 
100 |a Kotler, Philip  |e author  |9 578348 
700 0 |a Jatusripitak, Somkid  |e author  |9 434497 
700 0 |a Maesincee, Suvit  |e author  |9 434498 
245 1 3 |a El marketing de las naciones: una aproximación estratégica a la creación de la riqueza nacional 
300 |a 542 p 
942 |c BK 
945 |d 19991001 00:00:00  |a rbrito 
260 |a Barcelona  |b Paidós  |c 1998 
650 0 |a Desarrollo económico  |9 259599 
650 0 |a Política económica   |9 255029 
650 7 |a COMERCIO INTERNACIONAL  |2 CL-VaPUC  |9 434499 
650 0 |a Capitalismo  |9 255255 
583 |a last modification  |c 19991001 00:00:00  |k Rodrigo Vera 
490 0 |a Colección Paidós Estado Y Sociedad, 60 
999 |c 283518  |d 283516 
952 |0 0  |1 0  |4 0  |6 337_100000000000000_KOT_1998  |7 0  |8 A  |9 326760  |a BIBENE  |b BIBENE  |d 2019-11-20  |i 3580660  |o 337.1 KOT 1998  |p 3580660  |r 2025-01-15  |w 2019-11-20  |y BK  |k ICO